000 00286nam a22001337a 4500
008 171005b xxu||||| |||| 00| 0 eng d
020 _a9780231120104
041 _aeng
080 _a519.9
100 _a49
101 _aPSI
245 _aSEXING THE BRAIN
_cROGERS,L
942 _2udc
_cBK
999 _c31956
_d31956